000 00317nam a22001337a 4500
008 171020b xxu||||| |||| 00| 0 eng d
020 _a9781555703707
041 _aeng
080 _a338
100 _a54
101 _aMIS
245 _aMANAGEMENT BASICS FOR INFORMATION PROFESSIONALS
_cEVANS, E.G
942 _2udc
_cBK
999 _c35128
_d35128